01476nam a22003497a 4500003000400000005001700004008004100021040002200062082001800084100003000102245003000132260006000162300002100222366000800243490003200251505001200283505006700295505003500362505014400397505001200541650006000553650005200613650005300665650004300718650004500761650005600806650004700862700003600909942002900945999001500974952013700989OSt20230616142607.0221006b |||||||| |||| 00| 0 eng d cBiblioteca Lado V a709.05bG851a 9855aGriffin, Timeeditor aArtforum/bInternacional/ aNew Yorkc2014bNew York editorial and business offices c26.5x27cma404p. espa aSeptiembrev2014x0864-1315 tLetters tCOLUMNSaPassages Books Film On Site Architecture Top Ten tPREVIEWSaFall 2014 Exhibition tFEATURESgAmerican Idol Jeff Koons Serra in the Desert Live and Direct Close-Up Too much Information Noa Noa on the wannsee Openning tReviews 2Tesauro de Arte & ArquitecturaaARTE COMTEMPORANEO9703 2Tesauro de Arte & ArquitecturaaFOTOGRAFIA9702 2Tesauro de Arte & ArquitecturaaARTE VISUAL9702 2Tesauro de Arte & ArquitecturaaLIBROS 2Tesauro de Arte & ArquitecturaaNOTICIAS 2 Tesauro de Arte & ArquitecturaaARTE INTERNACIONAL 2 Tesauro de Arte & ArquitecturaaESCULTURA aNavarreta, Jose Antonioeeditor 2ddcc1h709.05iG851an0 c3874d3874 00102ddc3201440708RevistasaLVbLVd2023-06-16hSeptiembrei002892l0o709.05 G851ap002892r2023-06-16 00:00:00w2023-06-16y1